7: (Record no. 8165)

MARC details
000 -LEADER
fixed length control field 00588nam a22001937a 4500
003 - CONTROL NUMBER IDENTIFIER
control field OSt
005 - DATE AND TIME OF LATEST TRANSACTION
control field 20251124150945.0
008 - FIXED-LENGTH DATA ELEMENTS--GENERAL INFORMATION
fixed length control field 251124b |||||||| |||| 00| 0 eng d
020 ## - INTERNATIONAL STANDARD BOOK NUMBER
International Standard Book Number 185516520
Terms of availability اهداء
040 ## - CATALOGING SOURCE
Transcribing agency .
082 ## - DEWEY DECIMAL CLASSIFICATION NUMBER
Classification number 892.73 Q566 2003
100 ## - MAIN ENTRY--PERSONAL NAME
Personal name القصيبي ,غازي عبدالرحمن
245 ## - TITLE STATEMENT
Title 7:
Remainder of title /
Statement of responsibility, etc. غازي عبدالرحمن القصيبي
250 ## - EDITION STATEMENT
Edition statement 3
260 ## - PUBLICATION, DISTRIBUTION, ETC.
Name of publisher, distributor, etc. بيروت,دار الساقي ,2003
300 ## - PHYSICAL DESCRIPTION
Extent 340 ص
Dimensions 24 سم
650 ## - SUBJECT ADDED ENTRY--TOPICAL TERM
Geographic subdivision أدب عربي | روايات معاصرة | نقد اجتماعي
942 ## - ADDED ENTRY ELEMENTS (KOHA)
Source of classification or shelving scheme Dewey Decimal Classification
Koha item type Arabic Book
Suppress in OPAC No
Holdings
Withdrawn status Lost status Source of classification or shelving scheme Damaged status Not for loan Home library Current library Date acquired Total Checkouts Full call number Barcode Date last seen Price effective from Koha item type
    Dewey Decimal Classification     KHOBAR KHOBAR 11/24/2025   892.73 Q566 2003 1000000027506 11/24/2025 11/24/2025 Arabic Book